| 000 | 00642nam a22000977a 4500 | ||
|---|---|---|---|
| 008 | 160418b xxu||||| |||| 00| 0 eng d | ||
| 100 | _aArtuchov, Alex | ||
| 245 | _aThe Zemstvo postage stamps of Imperial Russia; Vol 1: Akhtyrka-Byezhetsk | ||
| 260 |
_aToronto _bCanadian Society of Russian Philately _c1987 |
||
| 650 | _aRussia (-1917) | Locals and Private Posts | Zemstvos | Stamps -- Histories | Postal History | Prices and Values | Catalogs and Price Lists | Production | Sheets and Panes | Plates and Plating | Errors and Varieties | Printing | Overprints and Surcharges | Essays and Proofs | Perforation | Imperforate Issues | Cinderella Material | ||
| 999 |
_c1906 _d1906 |
||